00295nam a2200121Ia 45000030006000000080041000060400015000471000014000622450048000762600020001245460012001440050017001560STCL150530s9999 xx 000 0 und d aSTCLcSTCL aHardy, T. aLife and death of the mayor of casterbridge bMacmillanc1961 aEnglish20220125171043.0